Statistiques concernant Pays champion du monde de : Waterpolo

Cliquez ici pour prendre le quiz!

Statistiques générales

  • Ce quiz a été pris 67 fois
  • Le résultat moyen est 8 sur 11

Statistiques - réponses

Médaille d'orMasculinFéminimPays% Correct
66Etats-Unis
91%
642Italie
86%
321Espagne
83%
22Croatie
72%
11Grèce
72%
532Hongrie
72%
33Serbie
72%
11Australie
69%
11Pays-Bas
53%
22URSS
48%
22Yougoslavie
48%

Distribution des résultats

Percentile par nombre de réponses

% des personnes avec chaque résultat

Votre développement - résultats

Vous n’avez pas pris ce quiz